Sin paréntesis: Testimonio de una experiencia de vivir con cáncer.
I tiakina i:
| Kaituhi matua: | |
|---|---|
| Ētahi atu kaituhi: | , , , |
| Hōputu: | Pukapuka |
| I whakaputaina: |
Santiago, Chile:
Catalonia,
2014.
|
| Putanga: | 1a. edición. |
| Ngā marau: | |
| Ngā Tūtohu: |
Tāpirihia he Tūtohu
Kāore He Tūtohu, Me noho koe te mea tuatahi ki te tūtohu i tēnei pūkete!
|
MARC
| LEADER | 00000nam a22000007a 4500 | ||
|---|---|---|---|
| 003 | CL-VaPUC | ||
| 005 | 20240910115331.0 | ||
| 008 | 240822t2014 ||||| |||| 00| 0 eng d | ||
| 999 | |c 444501 |d 444499 | ||
| 020 | |a 9789563243109 | ||
| 040 | |c Pontificia Universidad Católica de Valparaíso | ||
| 082 | 7 | |a 152.4 VID 2014 |2 22 | |
| 100 | |9 890783 |a Vidal, Carla |e autora | ||
| 245 | |a Sin paréntesis: |b Testimonio de una experiencia de vivir con cáncer. | ||
| 250 | |a 1a. edición. | ||
| 260 | |a Santiago, Chile: |b Catalonia, |c 2014. | ||
| 300 | |a 116 páginas. | ||
| 500 | |a c.1 donación memo de Biblioteca de Educación 14 de agosto de 2024. | ||
| 583 | |c 20240822 |k Gabriela Rodríguez Cuevas | ||
| 650 | 0 | |9 313058 |a Desarrollo emocional | |
| 650 | 0 | |9 315942 |a Cáncer |v Páncreas | |
| 650 | 0 | |9 309660 |a Muerte aspectos psicológicos | |
| 700 | |9 522178 |a Pollarolo, Fanny |e prólogo | ||
| 700 | |9 890784 |a Aceituno, Roberto |e comentarios | ||
| 700 | |9 890785 |a Canevaro, Alfredo |e comentarios | ||
| 700 | |9 890786 |a Guzmán, Verónica |e comentarios | ||
| 942 | |2 ddc |c BK | ||
| 952 | |0 0 |1 0 |2 ddc |4 0 |6 152_400000000000000_VID_2014 |7 0 |9 596367 |a BIBEDU |b BIBEDU |d 2024-08-22 |e Donación |i 5662468 |o 152.4 VID 2014 |p 5662468 |r 2024-08-22 |t 1 |w 2024-08-22 |y BK |k PSI | ||